| 000 -LEADER |
| fixed length control field |
00964nam a22001817a 4500 |
| 005 - DATE AND TIME OF LATEST TRANSACTION |
| control field |
20231113160737.0 |
| 008 - FIXED-LENGTH DATA ELEMENTS--GENERAL INFORMATION |
| fixed length control field |
231113s2004 ru ||||| |||| 00| 0 rus d |
| 020 ## - INTERNATIONAL STANDARD BOOK NUMBER |
| International Standard Book Number |
5802904240 |
| 041 ## - LANGUAGE CODE |
| Language code of text/sound track or separate title |
rus |
| 080 ## - UNIVERSAL DECIMAL CLASSIFICATION NUMBER |
| Universal Decimal Classification number |
006:91:336.74(031) Г-76 |
| 100 ## - MAIN ENTRY--PERSONAL NAME |
| Personal name |
Грамм, Михаил |
| 9 (RLIN) |
20360 |
| 245 ## - TITLE STATEMENT |
| Title |
История цивилизации в зеркале мер, единиц и денег: |
| Remainder of title |
Занимательная энциклопедия с интернет-адресами / |
| Statement of responsibility, etc. |
Михаил Грамм. |
| 264 ## - PRODUCTION, PUBLICATION, DISTRIBUTION, MANUFACTURE, AND COPYRIGHT NOTICE |
| Place of production, publication, distribution, manufacture |
Челябинск: |
| Name of producer, publisher, distributor, manufacturer |
Аркаим, |
| Date of production, publication, distribution, manufacture, or copyright notice |
2004. |
| 300 ## - PHYSICAL DESCRIPTION |
| Extent |
344 стр. : |
| Other physical details |
ил. ; |
| Dimensions |
25 см. |
| 653 ## - INDEX TERM--UNCONTROLLED |
| keyword |
ცივილიზაციის ისტორია ზომების, ერთეულებისა და ფულის სარკეში |
| 653 ## - INDEX TERM--UNCONTROLLED |
| keyword |
გასართობი ენციკლოპედია ინტერნეტ მისამართებით |
| 942 ## - ADDED ENTRY ELEMENTS (KOHA) |
| Source of classification or shelving scheme |
|
| Koha item type |
წიგნი |